El alcalde de Zalamea

Guardat en:
Dades bibliogràfiques
Autors principals: Vega, Lope de (Autor), Calderón de la Barca, Pedro (Autor)
Format: Llibre
Idioma:espanyol
Publicat: Santiago Zig-Zag 1955
Col·lecció:Biblioteca Zig-Zag, 94, 95
Matèries:
Etiquetes: Afegir etiqueta
Sense etiquetes, Sigues el primer a etiquetar aquest registre!

MARC

LEADER 00000nam a2200000 a 4500
001 UCT4215
003 CL-VaPUC
008 961108e19550000CL |||||||||||||||||spa|d
082 0 4 |a 862  |b VEG  |2 21 
100 0 |a Vega, Lope de  |e author  |9 319628 
700 0 |a Calderón de la Barca, Pedro  |e author  |9 316207 
245 1 3 |a El alcalde de Zalamea 
300 |a 328 p 
942 |c BK 
945 |d 19961108 00:00:00  |a rleighto 
260 |a Santiago  |b Zig-Zag  |c 1955 
650 0 |a Dramas españoles  |9 267081 
583 |a last modification  |c 20160602 17:23:31  |k Rodrigo Vera 
490 0 |a Biblioteca Zig-Zag, 94, 95 
999 |c 253626  |d 253624 
952 |0 0  |1 0  |4 0  |6 862_000000000000000_VEG_1955  |7 0  |8 A  |9 274583  |a BIBEDU  |b BIBEDU  |d 2019-11-19  |i 3248976  |o 862 VEG 1955  |p 3248976  |r 2019-11-19  |w 2019-11-19  |y BK  |k EDU 
952 |0 0  |1 0  |4 0  |6 862_000000000000000_VEG_1955  |7 0  |8 A  |9 274584  |a BIBEDU  |b BIBEDU  |d 2019-11-19  |i 3258459  |o 862 VEG 1955  |p 3258459  |r 2019-11-19  |w 2019-11-19  |y BK  |k LIT 
952 |0 0  |1 0  |4 0  |6 862_000000000000000_VEG_1955  |7 0  |8 A  |9 274585  |a BIBEDU  |b BIBEDU  |d 2019-11-19  |i 1436481  |o 862 VEG 1955  |p 1436481  |r 2019-11-19  |w 2019-11-19  |y BK  |k LIT 
952 |0 0  |1 0  |4 0  |6 862_000000000000000_VEG_1955  |7 0  |8 A  |9 274586  |a BIBEDU  |b BIBEDU  |d 2019-11-19  |i 1436457  |o 862 VEG 1955  |p 1436457  |r 2019-11-19  |w 2019-11-19  |y BK  |k LIT 
952 |0 0  |1 0  |4 0  |6 862_000000000000000_VEG_1955  |7 0  |8 A  |9 274587  |a BIBEDU  |b BIBEDU  |d 2019-11-19  |i 1450603  |o 862 VEG 1955  |p 1450603  |r 2019-11-19  |w 2019-11-19  |y BK  |k LIT 
952 |0 0  |1 0  |4 0  |6 862_000000000000000_VEG_1955  |7 0  |8 A  |9 274588  |a BIBEDU  |b BIBEDU  |d 2019-11-19  |i 1450654  |o 862 VEG 1955  |p 1450654  |r 2019-11-19  |w 2019-11-19  |y BK  |k LIT 
952 |0 0  |1 0  |4 0  |6 862_000000000000000_VEG_1955  |7 0  |8 A  |9 274589  |a BIBEDU  |b BIBEDU  |d 2019-11-19  |i 3596974  |o 862 VEG 1955  |p 3596974  |r 2019-11-19  |w 2019-11-19  |y BK  |k LIT